[Event "Oregon Class Championships"]
[Site "?"]
[Date "2021.11.07"]
[Round "4"]
[White "Lopez, Francisco"]
[Black "Jensen, Conner"]
[Result "0-1"]
[WhiteElo "1769"]
[BlackElo "1456"]
[Annotator "Wilson Gibbins"]
[PlyCount "124"]

{[%evp 0,124,32,15,29,-2,17,12,16,11,18,9,20,25,33,21,9,16,47,32,32,11,38,26,
57,22,19,-20,31,-4,51,59,65,-6,12,12,182,206,182,211,266,266,288,255,266,154,
172,87,79,11,11,13,16,-5,2,10,10,10,47,-6,-6,-6,88,-17,65,-28,87,-21,-15,-15,
-29,-47,-47,-51,-49,-59,-43,-50,-50,-39,-23,-43,-50,-56,-73,-122,-65,-86,-41,
-132,-114,-131,-131,-123,-134,-130,-116,-114,-141,-141,-147,-158,-158,-295,
-158,-158,-152,-554,-635,-985,-1002,-1326,-1494,-1428,-1112,-1510,-1510,-1738,
-1924,-2152,-2384,-2392,-3186,-3342,-4105,-26540,-29974]} {Conner secures a
key fourth round win with steady defense.} 1. d4 Nf6 2. Bg5 {The influence of
Zoey Tang on the Oregon School of Chess :-)} e6 3. Nf3 {Francisco switches
from a Trompowski Attack to a Torre Attack.} ({Zoey took a more aggressive
approach to crush me in the Portland Chess Club Blitz Championship last year} 
3. e4 h6 4. Bxf6 Qxf6 5. c3 d5 6. Bd3 c5 7. Nf3 Nc6 8. O-O Qd8 9. Nbd2 Be7 10.
Re1 O-O 11. Nf1 cxd4 12. cxd4 dxe4 13. Bxe4 Bd7 14. Rc1 Rc8 15. Bb1 Nb4 16. a3
Nd5 17. Qd3 g6 18. Ne5 Bf6 $2 (18... Rxc1 19. Rxc1 Be8 {holds on}) 19. Nxg6
fxg6 20. Qxg6+ Bg7 21. Qh7+ Kf7 22. Bg6+ Kf6 23. Ng3 Qe7 24. Ne4# {1-0 (24)
Tang,Z (2000)-Gibbins,W (2124) Chess.com 2020}) 3... d5 4. e3 Be7 5. Nbd2 a6 6.
Bd3 O-O 7. Ne5 c5 8. c3 cxd4 9. exd4 Nc6 10. Ndf3 Qc7 11. Qe2 {Perhaps I was
too quick to pass judgement Francisco's aggression level. He has arranged his
pieces in a nice attacking formation, and has not castled yet, keeping the
option of rushing his kingside pawns forward. It will be too dangerous for
White to castle queenside, but the center is stable so the King will be safe
enough for the time being.} b5 12. a3 Na5 13. Bxf6 Bxf6 ({Stockfish recommends
the unintuitive} 13... gxf6 {with equality. The equality is based on White
sacrificing material for a perpetual.} 14. Nd2 (14. Ng4 f5 {is also roughly
equal}) 14... fxe5 15. Bxh7+ Kxh7 16. Qh5+) 14. h4 $5 {Threatening 15.Ng5 and
the sacrifice 15.Bxh7+} h6 {Stops the threats, but the pawn on h6 gives White
a new plan to crack open the kingside.} (14... Bb7 $2 15. Bxh7+ Kxh7 16. Ng5+
Kg8 (16... Kh6 17. Ng4+ Kg6 18. Qd3+ Kh5 19. Nxf6+ gxf6 20. g4+ Kxg4 (20... Kh6
21. Qh7#) 21. Qf3#) 17. Qh5 Rfc8 18. Nexf7 {with a winning attack}) 15. g4 $1
Bxe5 16. dxe5 $14 (16. Nxe5 $18 g6 17. Qe3 Kg7 18. f4 Nc4 19. Bxc4 dxc4 20. h5
{and the Black King is losing its pawn cover}) 16... Nb3 17. Rd1 g6 (17... Nc5
18. Bb1 Ne4 $14) 18. Qe3 $1 {And White has regained his winning attack.} Kg7
19. h5 Bb7 20. hxg6 Rh8 21. Qf4 Qe7 22. Bc2 Na5 23. O-O $6 {White is still
better, but the worst is over for Black.} (23. Rg1 fxg6 24. g5) (23. gxf7 Qxf7
24. Qxf7+ Kxf7 25. Ke2) 23... fxg6 24. Qb4 Qxb4 25. axb4 Nc6 26. Rfe1 Rhf8 27.
Nd4 Nxd4 28. Rxd4 Rf3 29. Rf1 $2 $11 (29. Kg2 $16 Raf8 30. Bf5 $16 {wins the
exchange for a pawn.}) (29. Bd1 Rf7 $14 {drives the barbarian rook from the
gates}) 29... Raf8 30. Kg2 g5 31. Bb1 Bc6 32. Bc2 Be8 $6 (32... R3f4 33. f3
Rxd4 34. cxd4 Rf4 $11) 33. Bb1 (33. Bf5 $1 $14) 33... Bg6 34. Bxg6 (34. Bf5
Bxf5 35. Kxf3 Bd3+ 36. Kg2 Bxf1+ 37. Kxf1 $11) 34... Kxg6 35. Kg1 $2 {White
should arrange his rooks so that he can (1) protect his f2 square from Black's
doubled rooks and (2) counter-attack Black's pawn on a6.} (35. Rd2 R3f4 36. f3
h5 37. gxh5+ Kxh5 38. Ra1 Rxf3 39. Rxa6 $11) (35. Rdd1 R3f4 36. f3 h5 37. gxh5+
Kxh5 38. Ra1 $11) 35... h5 $1 $17 36. gxh5+ Kxh5 37. Kg2 Kg6 38. Rd2 R3f5 39.
Re2 Rh8 (39... Rf4 $1 40. Ra1 $2 Rg4+ 41. Kf1 (41. Kh3 Kf5 42. Z0 Rh8#) 41...
Rh8 $17) 40. Ra1 $15 Ra8 41. b3 $6 {A clever way to enable White to double
rooks on the a-file and tie Black down} (41. Kg3 Rf4 42. f3 $15) 41... Rf7 ({
But Black doesn't have to defend.} 41... Rf4 $1 42. Rea2 Rc8 43. Rxa6 Kf5 44.
Rc1 Rxb4 $17) 42. Rea2 ({Stockfish suggests that sacrificing a pawn might lead
to a simplified ending that is close to a draw.} 42. c4 dxc4 43. bxc4 bxc4 44.
Rc2 Rc7 45. Ra5 {Note that White's rook is both attacking Black's a-pawn and
defending his e-pawn, enabled by the pawn sacrifice.} Raa7) 42... Rfa7 (42...
Rc7 43. Rxa6 Rxa6 44. Rxa6 Kf5) 43. Kf3 (43. c4 bxc4 44. bxc4 dxc4 45. Ra5 Z0
46. b5 $140 $11) 43... Kf5 44. Re1 (44. c4 $15) 44... a5 {ending White's
attack on Black's backward a6 pawn. White will also lose the opportunity break
with c3-c4 that Stockfish has been suggesting for the last few moves.} 45. Rea1
a4 46. bxa4 Rxa4 47. Rxa4 Rxa4 48. Re1 (48. Rxa4 bxa4 49. b5 Kxe5 $1 {Black
can prevent White's b-pawn from promoting, but White can't stop Black's a-pawn.
}) 48... Ra3 $17 {Material is even, but Black's active rook and king means
that White's weak pawns on e5 and c3 count for more than Black's weak pawns on
b5, e6, and g5. A weakness is no problem if it can't be attacked.} 49. Re3 Ra1
50. Ke2 g4 51. Kd3 Rd1+ 52. Ke2 Rh1 53. Kd3 Rh3 54. Rg3 Kf4 55. Re3 Rxe3+ 56.
fxe3+ Kxe5 57. Ke2 Ke4 58. Kf2 Kd3 59. Kg3 Kxe3 60. Kxg4 Kd3 61. Kf4 Kxc3 62.
Ke5 d4 0-1

[Event "Southern Idaho Open"]
[Site "Twin Falls, ID"]
[Date "2021.11.13"]
[Round "2"]
[White "Kodihalli, Kaustubh"]
[Black "Belew, Finn"]
[Result "1-0"]
[WhiteElo "1803"]
[BlackElo "1552"]
[Annotator "Ralph Dubisch"]
[PlyCount "99"]
[EventDate "2021.11.13"]
[EventType "swiss"]
[EventRounds "4"]
[EventCountry "USA"]

1. e4 g6 2. d4 Bg7 3. c3 d6 4. Bd3 Nd7 (4... e5 5. Ne2) 5. Nf3 (5. f4 $5) 5...
Ngf6 (5... e5 6. O-O Ngf6) 6. e5 $6 (6. O-O e5 7. Re1 O-O 8. Nbd2 $14) 6...
dxe5 7. dxe5 Ng4 (7... Nc5 $1 8. Bb5+ Nfd7 9. Be3 O-O $15) 8. e6 $1 Nde5 9.
exf7+ (9. Bb5+ $5 c6 10. exf7+ Kxf7 11. Ng5+ Ke8 (11... Kf6 $2 12. Nxh7+ $1)
12. Qxd8+ Kxd8 13. Be2 $13) 9... Kf8 (9... Kxf7 $5) 10. Nxe5 Nxe5 11. Be2 (11.
Be4 $5) 11... Qxd1+ 12. Kxd1 Kxf7 13. Bf4 Be6 (13... Bf5 $15) 14. Re1 Rhd8+ 15.
Kc1 c5 16. Nd2 Nd3+ 17. Bxd3 Rxd3 18. Ne4 Bf5 19. Nxc5 Rxc3+ $1 20. bxc3 Bxc3
21. g4 $1 Bxe1 ({The accurate tactic here is} 21... Rc8 $1 22. gxf5 Rxc5 23.
Be3 Rc6 24. fxg6+ hxg6 25. Rb1 (25. Bxa7 Bxa1+ 26. Kb1 Bf6) 25... Bxe1+ 26. Kd1
Ba5 27. Rxb7) 22. gxf5 Rc8 23. fxg6+ hxg6 24. Kb2 Bxf2 25. Nb3 $16 Rc4 26. Be5
Re4 27. Rf1 Rxe5 28. Rxf2+ Kg7 29. Kc2 Rh5 30. Nd4 Re5 31. Kd3 a6 32. Re2 Kf6
33. Rb2 b5 34. Rc2 e6 35. Rc6 a5 36. Rb6 b4 37. Kc4 g5 38. Kd3 (38. Rb5 $5)
38... g4 39. Rc6 Kf7 (39... Re1 40. Ra6 Re5 41. Rc6 Re1 42. Rc2 a4 $14 {
Black has real drawing chances here. A sample line (likely not representing
perfect play) goes} 43. Re2 $6 Rxe2 44. Nxe2 (44. Kxe2 e5 45. Nc6 b3 46. axb3
axb3 47. Kd3 e4+ 48. Kc3 e3 49. Nd4 Kg5 50. Kxb3 g3 51. hxg3 Kg4) 44... Kg5 45.
Kc4 b3 46. axb3 axb3 47. Kxb3 Kh4 48. Nf4 g3 49. h3 g2 50. Nxg2+ Kxh3) 40. Rc2
Kg6 41. Kc4 Re4 42. Re2 Rxe2 43. Nxe2 Kf5 44. Kb5 Ke4 45. Kxa5 e5 46. Kxb4 Kf3
47. Ng3 Kg2 48. a4 Kxh2 49. a5 Kxg3 50. a6 1-0

[Event "Southern Idaho Open"]
[Site "Twin Falls, ID"]
[Date "2021.11.13"]
[Round "4"]
[White "Fritchen, Zachary"]
[Black "Price, Josh"]
[Result "1-0"]
[WhiteElo "1727"]
[BlackElo "1556"]
[Annotator "Ralph Dubisch"]
[PlyCount "93"]
[EventDate "2021.11.13"]
[EventType "swiss"]
[EventRounds "4"]
[EventCountry "USA"]

1. d4 d5 2. Nf3 e6 3. g3 Nf6 4. Bg2 Be7 5. O-O O-O 6. c4 Nbd7 7. Qc2 c6 8. Nbd2
b6 9. e4 dxe4 10. Nxe4 Bb7 11. Rd1 Nxe4 12. Qxe4 Nf6 (12... Qc8 13. Bf4 Re8 14.
Qc2 c5 15. d5 $14) 13. Qc2 Bd6 14. c5 $1 {White plays to limit the activity of
the black bishops, especially the "bad" bishop on b7. Yes, this weakens the
d5-square, but that's just one square, and White can play around a knight
posted there.} Bc7 15. Bg5 {Or White might choose to eliminate the knight
before it reaches the outpost...} h6 16. Bxf6 Qxf6 17. b4 Rad8 18. Qe4 Rd5 19.
Bf1 Rfd8 20. Bc4 R5d7 (20... Rf5 $5 21. Ne5 $5 (21. Kg2 $14) 21... Kf8 (21...
Rxf2 $4 22. Ng4 Qf3 23. Nxf2 $18) (21... Bxe5 $6 22. dxe5 Rxd1+ 23. Rxd1 Rxe5
24. Qf4 $1 {White plans to win that b7-bishop:} Qxf4 (24... b5 25. Qxf6 gxf6
26. Bb3 $18) 25. gxf4 Rf5 (25... Rh5 26. Rd8+ Kh7 27. cxb6 axb6 28. Rb8 b5 29.
Bd3+) (25... Rd5 {is probably best, but still losing.} 26. Bxd5 exd5 27. cxb6
axb6 28. a4 $18) 26. Rd8+ Kh7 27. Bd3) 22. Ng4 Qe7 23. Ne3 Rg5 24. Rac1 $16)
21. Re1 g6 22. h4 h5 23. Rac1 Kg7 24. a3 b5 ({Black might consider an exchange
sacrifice to change the basic character of the position. Here:} 24... Rxd4 $5
25. Nxd4 Rxd4 26. Qe3 bxc5 27. bxc5 Bc8 $14 {Black has improved his position,
though there are still problems to solve.}) 25. Bb3 a5 26. Qe3 a4 27. Bc2 Rd5
28. Be4 R5d7 29. Re2 Bb8 30. Rce1 Bc7 31. Kg2 Bb8 32. Rd2 Kg8 33. Red1 Qg7 34.
Qg5 Rc8 35. Qe3 Bc7 36. Ne5 $1 {The "bang" is not necessarily saying this is
the best move, but it's for recognizing that the pawn-down position favors
White, and that White must do something more radical than the maneuvers tried
so far to make progress.} Bxe5 37. dxe5 Rxd2 38. Rxd2 Qxe5 39. Rd7 Rc7 40. Rd8+
Kg7 41. f4 (41. Qd3 $16 {e.g.:} Re7 42. Bf3 Qc7 43. Rd6 Qc8 44. Be4 f5 45. Bf3
Qe8 46. Qd4+ e5 (46... Kf7 47. Rd8 $18) 47. Qd2 {and the threat of Bxh5 looms.}
) 41... Qb2+ 42. Kh3 (42. Kg1 Re7 43. Bg2 $14) 42... Qf6 ({Black's best chance
is to break in the center at an appropriate time. Like, now.} 42... e5 $1 43.
Bg2 Bc8+ 44. Kh2 Bf5 45. Qxe5+ Qxe5 46. fxe5 Rd7 47. Rxd7 Bxd7 $14) 43. Qd3 Bc8
(43... Qe7 44. Qd6 (44. Kh2) 44... f6 (44... Qxd6 45. cxd6 Rc8 46. Rxc8 Bxc8
47. Bxc6 $18) 45. Kg2 (45. Qd3 Bc8 46. Bxg6 e5+ 47. f5 $16) 45... Qf7 46. Qd3
e5 47. Bxg6 $18) 44. Qd6 e5+ 45. Kg2 exf4 46. Rg8+ Kxg8 47. Qxf6 1-0

[Event "WA Fall Mini-Teams Championship"]
[Site "Chess.com"]
[Date "2021.11.13"]
[Round "3"]
[White "May, Andy"]
[Black "Malugu, Satyajit"]
[Result "1-0"]
[WhiteElo "1816"]
[BlackElo "2042"]
[Annotator "Ralph Dubisch"]
[PlyCount "55"]
[EventDate "2021.??.??"]
[TimeControl "1500+5"]

{[%evp 0,55,25,10,39,39,46,14,14,21,13,13,17,-28,1,-1,8,-126,-134,-129,-127,
-127,-47,-37,-47,-69,-52,-55,-53,-75,-37,-64,-30,-30,-11,1,13,12,29,29,54,71,
32,75,42,66,154,106,63,71,224,215,217,139,637,646,638,646]} 1. e4 c5 2. Nc3 e6
3. f4 Nc6 4. Nf3 d5 5. Bb5 Nf6 6. Qe2 Be7 7. O-O O-O 8. d3 $2 ({Could lead to
trouble.} 8. e5 Nd7 9. Bxc6 bxc6 10. Kh1 $15) 8... Nd4 9. Nxd4 cxd4 10. Nd1 Bd7
$6 (10... Qb6 $1 11. e5 (11. Ba4 $4 dxe4 12. dxe4 $2 d3+ 13. Qf2 d2 $3 14. Bxd2
Nxe4 15. Qxb6 axb6 {and too many white pieces are hanging.}) 11... Qxb5 12.
exf6 Bxf6 $17 {White is down material and virtually unable to activate any
pieces.}) 11. Bxd7 Nxd7 12. e5 Rc8 13. c3 Bc5 14. Kh1 f5 15. exf6 $6 (15. b4 {
gives rise to some interesting speculation:} dxc3 $5 (15... Be7 16. cxd4 Bxb4
17. Rb1 $13) 16. bxc5 d4 {with very distinct positional compensation for the
piece. In fact, Stockfish here gives} 17. Nxc3 dxc3 18. d4 {as one of the top
choices, with} b6 19. Qc4 {reaching a very murky sort of equality.}) 15... Rxf6
(15... Qxf6 {may even be slightly in Black's favor.}) 16. Nf2 dxc3 17. Ng4 Rg6
18. bxc3 Qh4 $6 ({Black commits to a kingside attack, but things start to go
slightly wrong here. Safer and roughly level is} 18... Qc7 19. Bd2 Rf8 {.}) 19.
h3 h5 20. Ne5 Nxe5 21. fxe5 Bb6 22. Bd2 Rg3 $6 (22... Ba5 $5) 23. Kh2 Rg6 24.
Qf3 Qa4 $2 (24... Bc7 {looks like a better try. To gain a real advantage,
White likely needs to find} 25. Bf4 $1 ({, since} 25. d4 Rf6 26. Qe2 Rcf8 {
looks about equal, and}) (25. Qe3 Rd8 {is at best a small edge for White in a
still complex situation.})) 25. Qxh5 Qe8 {Aiming for the cheapo ...Rxg2+.} 26.
Qf3 ({White could try the faster} 26. g3 {, intending Rf4 and Raf1,
threatening Rf8+ or Rh4. That g6-rook is a major problem for Black.} Ba5 27.
Rf4 Bxc3 28. Bxc3 Rxc3 29. Raf1) 26... Qa4 $2 ({Apparently hoping for a
repetition, but of course White now has much better.} 26... Bc7 {intending} 27.
d4 Rf6 $5 {still leaves White on the verge of winning, but at least it solves
one problem.}) 27. Qf7+ Kh7 28. Rf4 1-0

[Event "Northwest Chess Winter Open"]
[Site "Chess.com"]
[Date "2021.12.11"]
[Round "4"]
[White "Willy, Stephen"]
[Black "Ackerman, Ryan"]
[Result "1-0"]
[WhiteElo "1802"]
[BlackElo "1888"]
[Annotator "Stephen Willy and Ralph Dubisch"]
[PlyCount "107"]
[EventDate "2021.??.??"]
[TimeControl "1800+5"]

1. e4 e6 2. d4 d5 3. exd5 exd5 4. Nf3 Bd6 5. Bd3 Ne7 6. O-O Nbc6 7. h3 O-O 8.
c3 Bf5 9. Bg5 Qd7 10. Re1 Bxd3 11. Qxd3 f6 12. Be3 Qf5 13. Qxf5 Nxf5 14. Nbd2
Rfe8 15. Nf1 Kf7 16. Bd2 h5 17. Rxe8 Rxe8 18. Re1 Rxe1 19. Nxe1 b6 20. g3 Na5
21. Ng2 c5 22. Nfe3 Ke6 23. dxc5 bxc5 24. b3 Nc6 25. c4 Nxe3 26. Nxe3 d4 27.
Nd5 Ne7 $2 (27... Kf5 $1 28. Kf1 Ke4 29. Ke2 d3+ 30. Kd1 Nd4 $15) 28. Nxe7 Bxe7
29. Kf1 Kf5 30. Ke2 Ke4 31. f3+ Kf5 32. g4+ hxg4 33. hxg4+ Ke5 34. Kd3 g6 35.
f4+ Ke6 36. Ke4 f5+ 37. gxf5+ gxf5+ 38. Kd3 Bh4 39. Ke2 Kf6 40. Ba5 Kg6 41. Kf3
Kh5 42. Bd2 Bf6 43. a3 Kh4 $2 $16 (43... Kg6 44. b4 Kf7 45. Ke2 Ke6 46. Kd3 Kd6
{repositions the black king to aid in defense.}) 44. b4 $1 Be7 (44... cxb4 45.
axb4 a6 46. Bc1 $1 {Planning Bb2 and a c-pawn advance.} d3 (46... Be7 47. c5)
47. Ke3 $18) 45. b5 Kh5 46. a4 Bd8 47. a5 $2 (47. Bc1 $1 Bb6 (47... Ba5 48. Ba3
Bb4 49. a5 $3 Bxa3 (49... Bxa5 50. Bxc5 $18) 50. b6 $18) 48. Ba3 a5 $1 (48...
Kg6 49. a5 Bxa5 50. Bxc5 $18) 49. bxa6 Ba7 $16 {requires White to work out a
win, likely involving zugzwang, bringing the bishop to b6 with pawn on a5, and/
or king pentration.}) 47... Kg6 $2 (47... Bc7 48. a6 (48. b6 axb6 49. a6 Bb8)
48... Bb6) 48. b6 $1 a6 (48... Bxb6 49. axb6 axb6 50. Be1 Kf7 51. Bh4 Ke8 $16 {
again leaves White working to discover a winning plan.}) 49. Bc1 Kf7 (49... Be7
50. b7 Bd6 51. Ba3 d3 52. Bxc5 (52. Ke3 Kf7 53. Kxd3 Bxf4 54. Bxc5 Bb8 $13)
52... d2 53. Ke2 Bxf4 54. Ba7 $18) 50. Ba3 Be7 (50... Ke6 51. b7 Bc7 52. Bxc5
d3 53. Ke3 $18) 51. b7 Bd6 52. Bxc5 Bb8 53. Bxd4 Ke6 54. Be5 (54. Be5 Ba7 55.
b8=Q Bxb8 56. Bxb8 $18) 1-0

[Event "Northwest Chess Winter Open"]
[Site "Chess.com"]
[Date "2021.12.11"]
[Round "3"]
[White "Willy, Stephen"]
[Black "Kahnamouei, Ali Shakeri"]
[Result "1-0"]
[WhiteElo "1802"]
[BlackElo "2056"]
[Annotator "Stephen Willy and Ralph Dubisch"]
[PlyCount "81"]
[EventDate "2021.??.??"]
[TimeControl "1800+5"]

1. e4 e6 2. c4 Nc6 3. d4 Bb4+ 4. Bd2 Qh4 $5 5. Bd3 $6 (5. Nf3 Qxe4+ 6. Be2
Bxd2+ 7. Qxd2 $13 {, and White develops compensation for the pawn playing Nc3
with tempo on the queen.}) 5... Bxd2+ 6. Qxd2 Nxd4 7. Nc3 Nf6 $6 (7... d6 $15)
8. g3 $2 (8. e5 Ng4 9. g3 Qh6 10. f4 d6 $13) 8... Qh5 9. Qe3 e5 (9... Qc5 $5
10. Nge2 e5 11. O-O d6 $17) 10. f3 d6 11. h4 O-O $6 (11... Nd7 {gives the
queen some paths back home.} 12. Nd5 Kd8 13. O-O-O (13. g4 Qh6 14. g5 Qh5 15.
O-O-O $15) 13... f6 14. g4 Qf7 (14... Qh6 15. f4) 15. Ne2 Ne6 $15 {is quite
unclear, but Black does have an extra pawn.}) 12. g4 Nxg4 13. fxg4 Qxg4 14. Qg5
Qf3 $2 (14... f5 $1 {with good compensation, for example} 15. Qxg4 fxg4 16.
O-O-O Bd7 17. Nge2 Ne6 18. Rhf1 g6 $13 {.}) 15. Nxf3 Nxf3+ 16. Ke2 Nxg5 17.
hxg5 f6 18. gxf6 ({Or} 18. Rag1 $16) 18... Rxf6 19. Nd5 Bg4+ 20. Kd2 Rf2+ 21.
Kc3 Rf7 22. Rag1 Bf3 23. Rh3 c6 (23... Raf8 24. c5 $16) 24. Ne3 b5 $2 (24...
Rf4 25. Nf5 g6 26. Nxd6 $16 {White is very close to winning in all these lines.
}) 25. Nf5 $18 Rxf5 26. exf5 e4 27. cxb5 cxb5 28. Bxb5 Rc8+ 29. Kd4 Kh8 30. Bc4
Rf8 31. Be6 a6 32. Rc1 a5 33. Rg1 a4 34. Rhg3 h6 35. Rxg7 h5 36. Ra7 (36. R1g6
{intending Re7 and Rh6# seems the quickest win.}) 36... Bg4 37. Kxe4 Rb8 38.
Kf4 Rb4+ 39. Kg5 Rb7 40. Rxb7 Be2 41. Kh6 1-0

[Event "Casual Game"]
[Site "Boise, ID"]
[Date "2021.12.11"]
[Round "?"]
[White "Machin, Alex James"]
[Black "Roland, Jeffrey T"]
[Result "0-1"]
[WhiteElo "1782"]
[BlackElo "1700"]
[Annotator "Ralph Dubisch"]
[PlyCount "48"]
[EventDate "2021.??.??"]
[EventType "game"]
[EventCountry "USA"]

1. d4 d5 2. c4 e6 3. Nc3 Be7 4. Nf3 Nf6 5. Bg5 h6 6. Bh4 Nbd7 7. cxd5 exd5 8.
e3 O-O 9. Bd3 c5 (9... c6 {is, of course, the normal, slightly passive,
continuation. After} 10. Qc2 Re8 11. O-O Ne4 {it's about even.}) 10. dxc5 (10.
O-O $5) 10... Nxc5 11. Nd4 Nxd3+ (11... Nce4 $5 12. Bxe4 Nxe4 ({Or} 12... dxe4
13. O-O $14 ({, but not} 13. Bxf6 $6 Bxf6 14. Nxe4 $4 Bxd4 15. exd4 Re8 $19))
13. Bxe7 Qxe7 14. Nxd5 Qg5 15. Nf4 Qa5+ {gives Black at least some
compensation for the pawn.}) 12. Qxd3 Be6 13. O-O Nh5 $6 ({Although it's
standard in Queen's Gambit Declined positions for Black to be cramped and in
need of piece exchanges, here the more important positional element is the IQP
-- the isolani on d5. When playing with an isolated pawn like this one,
exchanges just tend to accentuate the weakness and bring the game closer to a
slightly disadvantageous endgame. Also the knight on the rim will need time to
return to the action.} 13... Rc8 $14 {seems a better choice.}) 14. Bxe7 Qxe7
15. Nf5 $5 ({White embarks on a tactical mission to win the d-pawn. Another
attempt,} 15. Nxd5 $2 Bxd5 16. Nf5 {runs into the pin} Qg5 $1 17. Qxd5 g6 18.
Nxh6+ Qxh6 19. Qxb7 $16 {, when White's three pawns for the knight aren't very
threatening.}) (15. Rfd1 $14 {is the natural, conservative continuation.})
15... Qd7 16. Nxd5 $5 (16. Nd4 $14 {returns to the recognizable tableau, with
Black having the isolated queen pawn.}) 16... Rad8 (16... Rae8 $5 {takes away
the e7-forks, and starts a relatively forced sequence to an equal ending.} 17.
e4 Bxf5 18. exf5 Re5 19. Rad1 Rd8 20. Ne7+ Rxe7 21. Qf3 Qe8 22. Qxh5 Rxd1 23.
Qxd1 Re2) 17. Nde7+ $2 ({Wrong knight!} 17. Nfe7+ Kh8 18. Rfd1 Rfe8 19. Qe2 g6
20. Nxg6+ $1 fxg6 21. Nf6 $1 {, and now Black must choose between playing two
minors vs rook and two pawns, or giving up the queen and pawns for rook and
two minors. All very unclear, but the engine claims it favors White by a small
margin.} Nxf6 22. Rxd7 Rxd7 $14) 17... Kh8 $2 ({The Stockfish engine finds the
truly non-intuitive} 17... Kh7 $1 {, walking into a discovered check! But
there's no danger, and the improved king position leads to a Black advantage:}
18. Nd4+ g6 19. Qa3 Rfe8 20. Nxg6 fxg6 $17) 18. Qxd7 $2 (18. Qc2 $1 g6 (18...
Qd2 19. Qc5 Qxb2 20. Nd4 Nf4 21. Rab1 $13 {Very messy.}) 19. Rfd1 $1 Qe8 20.
Rxd8 Qxd8 21. Rd1 Qe8 22. Nxg6+ fxg6 23. Nd6 $13 {With g6 falling, White will
end up with three pawns for the piece.}) 18... Rxd7 19. Rfd1 Rfd8 20. Rxd7 Rxd7
21. Rc1 (21. g4 Nf6 $17 {Knights that protect each other lose mobility and
influence, and become vulnerable to undermining threats, such as ...g6 here.})
21... g6 22. Rc8+ (22. Nxg6+ fxg6 23. Nd4 $19 {Black is technically winning,
of course, but with two pawns for the piece and a super-solid knight in the
center, White can put up stiff resistance.}) 22... Kh7 23. g4 Rd1+ 24. Kg2 Bxc8
0-1